000 00268nam a2200121Ia 4500
008 190216s9999||||xx |||||||||||||| ||und||
100 _aSood K P
245 0 _aCytogenetics And Evolution
260 _bOxford & I B H
300 _a377p
650 _aBotany
942 _cBK
999 _c1332
_d1332